=LDR 00000nam 2200000 4500 =001 NUTBA000000000003099 =005 20140721112509.0 =006 =007 =008 =020 ##$$a 602-8506-29-X =035 ##$$a 0010-071400000000287 =040 ##$$a NBPDMAT =082 ##$$a 372.7 =090 ##$$a 372.7 $b Mas k =100 ##$$a Masykur Ali Djafar =245 ##$$a Kumpulan cerita dan investigasi seri pecahan / $c Masykur Ali Djafar =260 ##$$a Jakarta : $b Multazam Mulia Utama, $c 2010 =300 ##$$a iv, 59 hlm. ; $c 25 cm. =500 ##$$a Bibliografi : hlm. 59 =650 ##$$a Matematika - SD =850 ##$$a NBPDMAT =990 ##$$a 21405397